| 000 | 00555nam a2200181Ia 4500 | ||
|---|---|---|---|
| 003 | GCL | ||
| 008 | 140319s9999 xx 000 0 ara d | ||
| 040 |
_aGCL / _cGCL |
||
| 082 | 0 | 4 |
_a614.58 _bع ف |
| 100 | 1 | _aعلى كمال | |
| 245 | 1 | 0 |
_aفصام العقل او الشيزوفرينيا / _cعلى كمال |
| 300 | _a386 | ||
| 490 |
_aالهيئة العامة للاستعلامات _v0 |
||
| 650 | 0 | 4 | _aالفصام |
| 650 | 0 | 4 | _aالفصام - الجوانب الوراثية |
| 650 | 0 | 4 | _aالفصام عند الاطفال |
| 942 |
_2ddc _cBK |
||
| 999 |
_c46844 _d46844 |
||